Cosas vistas : (que el viento desnuda y cubre con el aire de otro nombre) /
Сохранить в:
| Главный автор: | |
|---|---|
| Формат: | Электронный ресурс eКнига |
| Язык: | испанский |
| Опубликовано: |
Popayán, Colombia :
Editorial Universidad del Cauca,
2023.
|
| Редактирование: | Primera edición en español. |
| Серии: | Colección Poesía (Editorial Universidad del Cauca)
|
| Предметы: | |
| Online-ссылка: | Digitalia Hispánica |
| Метки: |
Добавить метку
Нет меток, Требуется 1-ая метка записи!
|
MARC
| LEADER | 00000nam a2200000Ii 4500 | ||
|---|---|---|---|
| 001 | DIGUCAUCA0165 | ||
| 003 | NyNyDIG | ||
| 006 | m o d | ||
| 007 | cr ||||||||||| | ||
| 008 | 250611s2023 ck a o 000 p spa d | ||
| 035 | |a (OCoLC)1517039449 | ||
| 040 | |a DGITA |b eng |e rda |e pn |c DGITA | ||
| 020 | |a 9789587326352 |q digital | ||
| 050 | 1 | 4 | |a PQ8180.17.A755 ebook |
| 100 | 1 | |a García Quintero, Felipe, |d 1973- |e author. | |
| 245 | 1 | 0 | |a Cosas vistas : |b (que el viento desnuda y cubre con el aire de otro nombre) / |c Felipe García Quintero. |
| 250 | |a Primera edición en español. | ||
| 264 | 1 | |a Popayán, Colombia : |b Editorial Universidad del Cauca, |c 2023. | |
| 300 | |a 1 online resource : |b illustrations. | ||
| 336 | |a text |b txt |2 rdacontent | ||
| 337 | |a computer |b c |2 rdamedia | ||
| 338 | |a online resource |b cr |2 rdacarrier | ||
| 347 | |a text file |2 rdaft | ||
| 347 | |b PDF | ||
| 490 | 1 | |a Colección Poesía | |
| 588 | 0 | |a Online resource; title from PDF title page (Digitalia, viewed June 11, 2025) | |
| 655 | 7 | |a Poetry. |2 lcgft | |
| 791 | 2 | |a Digitalia (Firm), |e distributor. | |
| 793 | 0 | |g Digitalia eBook Collection: |a Editorial Universidad del Cauca | |
| 830 | 0 | |a Colección Poesía (Editorial Universidad del Cauca) | |
| 856 | 4 | 0 | |3 Digitalia Hispánica |u https://digitalia.unach.elogim.com/a/173789/ |
| 910 | |a Premium collection: 2025 | ||